00758cam a2200229 a 450000500170000002000320001702200180004908200120006710000270007924500420010625000120014826000480016030000460020849000360025450000200029065000300031070000250034070000270036594200070039299900130039995201160041220250816125205.0 a0030749220 (acidfree paper) a978003074922300a543 SKO1 aSkoog, Douglas A.913910aFundamentals of Analytical Chemistry  a6th ed. aFort Worth :bSaunders College Pub.cc1992. axvi, 892, 61, 23 p. :bill. (some col.) ;0 aSaunders golden sunburst series aIncludes index. 0aChemistry, Analytic.96341 aWest, Donald M.96541 aHoller, F. James.9140 cBK c319d319 0010708NFICaICbICcGENd2015-03-02l25m1o543 SKOp004911r2022-11-17 00:00:00s2019-10-09w2015-03-02yBK